[Event "Stay Safe Play From Home 300"]
[Site "Emanuel Lasker Arena"]
[Date "2020.07.13"]
[Round "2"]
[White "Greblah"]
[Black "Sfantul321"]
[Result "1/2-1/2"]
[WhiteElo "1945"]
[BlackElo "2023"]
[Annotator "NA RC"]
[PlyCount "130"]
[EventDate "2020.07.13"]
[EventType "swiss (blitz)"]

1. e4 {[%emt 0:00:01]} g6 {[%emt 0:00:02]} 2. d4 {[%emt 0:00:01]} d6 {[%emt 0:00:01]} 3. Nc3 {[%emt 0:00:00]} Bg7 {[%emt 0:00:00]} 4. Be3 {[%emt 0:00:00]} Nf6 {[%emt 0:00:01]} 5. f3 {[%emt 0:00:01]} O-O {[%emt 0:00:01]} 6. Qd2 {[%emt 0:00:01]} Re8 {[%emt 0:00:01]} 7. Bh6 {[%emt 0:00:02]} Bh8 {[%emt 0:00:01]} 8. h4 {[%emt 0:00:01]} c5 {[%emt 0:00:02]} 9. dxc5 {[%emt 0:00:03]} dxc5 {[%emt 0:00:01]} 10. Qxd8 {[%emt 0:00:01]} Rxd8 {[%emt 0:00:01]} 11. Rd1 {[%emt 0:00:02]} Rxd1+ {[%emt 0:00:02]} 12. Kxd1 {[%emt 0:00:01]} Nc6 {[%emt 0:00:00]} 13. Nge2 {[%emt 0:00:02]} Be6 {[%emt 0:00:01]} 14. g4 {[%emt 0:00:02]} Rd8+ {[%emt 0:00:03]} 15. Kc1 {[%emt 0:00:01]} Nd4 {[%emt 0:00:02]} 16. Nxd4 {[%emt 0:00:01]} cxd4 {[%emt 0:00:01]} 17. Ne2 {[%emt 0:00:05]} d3 {[%emt 0:00:04]} 18. cxd3 {[%emt 0:00:02]} Rxd3 {[%emt 0:00:01]} 19. Nf4 {[%emt 0:00:08]} Rxf3 {[%emt 0:00:01]} 20. Nxe6 {[%emt 0:00:01]} fxe6 {[%emt 0:00:02]} 21. Bc4 {[%emt 0:00:04]} Kf7 {[%emt 0:00:02]} 22. Rg1 {[%emt 0:00:20]} Rf2 {[%emt 0:00:10]} 23. e5 {[%emt 0:00:07]} Ne4 {[%emt 0:00:07]} 24. Re1 {[%emt 0:00:08]} Ng3 {[%emt 0:00:11]} 25. Be3 {[%emt 0:00:06]} Rf3 {[%emt 0:00:06]} 26. Bxa7 {[%emt 0:00:01]} h6 {[%emt 0:00:14]} 27. a4 {[%emt 0:00:04]} Rf4 {[%emt 0:00:01]} 28. b3 {[%emt 0:00:03]} Rxg4 {[%emt 0:00:01]} 29. Bf2 {[%emt 0:00:01]} Nf5 {[%emt 0:00:02]} 30. a5 {[%emt 0:00:06]} Nxh4 {[%emt 0:00:05]} 31. Bxh4 {[%emt 0:00:04]} Rxh4 {[%emt 0:00:01]} 32. Rf1+ {[%emt 0:00:01]} Ke8 {[%emt 0:00:02]} 33. Bxe6 {[%emt 0:00:05]} Bxe5 {[%emt 0:00:02]} 34. Bf7+ {[%emt 0:00:01]} Kd7 {[%emt 0:00:03]} 35. Rd1+ {[%emt 0:00:01]} Bd6 {[%emt 0:00:02]} 36. Bxg6 {[%emt 0:00:01]} Rh2 {[%emt 0:00:02]} 37. Bf5+ {[%emt 0:00:02]} Kc6 {[%emt 0:00:02]} 38. Bc2 {[%emt 0:00:04]} Kb5 {[%emt 0:00:03]} 39. Rd5+ {[%emt 0:00:01]} Kb4 {[%emt 0:00:01]} 40. Rd4+ {[%emt 0:00:02]} Kc5 {[%emt 0:00:02]} 41. Rc4+ {[%emt 0:00:01]} Kb5 {[%emt 0:00:01]} 42. Ra4 {[%emt 0:00:02]} Bb4 {[%emt 0:00:03]} 43. Bd3+ {[%emt 0:00:03]} Kc5 {[%emt 0:00:01]} 44. a6 {[%emt 0:00:05]} bxa6 {[%emt 0:00:01]} 45. Rxa6 {[%emt 0:00:01]} h5 {[%emt 0:00:03]} 46. Rg6 {[%emt 0:00:03]} Kd4 {[%emt 0:00:03]} 47. Bc4 {[%emt 0:00:02]} h4 {[%emt 0:00:04]} 48. Rg4+ {[%emt 0:00:01]} Kc3 {[%emt 0:00:01]} 49. Kd1 {[%emt 0:00:01]} Rd2+ {[%emt 0:00:06]} 50. Ke1 {[%emt 0:00:01]} Kb2 {[%emt 0:00:01]} 51. Kf1 {[%emt 0:00:01]} Rh2 {[%emt 0:00:05]} 52. Kg1 {[%emt 0:00:01]} Rh3 {[%emt 0:00:01]} 53. Kg2 {[%emt 0:00:01]} Re3 {[%emt 0:00:03]} 54. Rxh4 {[%emt 0:00:02]} Bc3 {[%emt 0:00:06]} 55. Rh2 {[%emt 0:00:01]} Ka3 {[%emt 0:00:01]} 56. Kf2 {[%emt 0:00:01]} Bd4 {[%emt 0:00:02]} 57. Kf1 {[%emt 0:00:01]} Rf3+ {[%emt 0:00:02]} 58. Ke2 {[%emt 0:00:02]} Re3+ {[%emt 0:00:04]} 59. Kd2 {[%emt 0:00:01]} Rf3 {[%emt 0:00:00]} 60. Rh4 {[%emt 0:00:01]} e5 {[%emt 0:00:01]} 61. Re4 {[%emt 0:00:01]} Kb4 {[%emt 0:00:02]} 62. Re1 {[%emt 0:00:01]} Bc3+ {[%emt 0:00:01]} 63. Ke2 {[%emt 0:00:02]} Bxe1 {[%emt 0:00:01]} 64. Kxf3 {[%emt 0:00:01]} Bc3 {[%emt 0:00:01]} 65. Ke4 {[%emt 0:00:01] Sfantul321 offers a draw} Bd4 {[%emt 0:00:02] (Lag: Av=0.26s, max=0.4s)} 1/2-1/2

[Event "Stay Safe Play From Home 300"]
[Site "Emanuel Lasker Arena"]
[Date "2020.07.13"]
[Round "2"]
[White "Tunca"]
[Black "Mepe_Nika"]
[Result "0-1"]
[WhiteElo "1641"]
[BlackElo "2398"]
[Annotator "TA"]
[PlyCount "58"]
[EventDate "2020.07.13"]
[EventType "swiss (blitz)"]

{[%evp 15,58,15,41,42,61,-49,39,27,40,30,33,14,67,22,77,64,69,72,91,47,69,39,64,-7,0,-14,121,-92,-43,-22,0,0,0,-46,-32,-36,-9,-10,-16,-74,-56,-684,-31,-720,-703]} 1. e4 e5 2. Nf3 Nc6 3. Bb5 a6 4. Ba4 Nf6 5. O-O Be7 6. Re1 b5 7. Bb3 O-O 8. d3 Bb7 9. Nbd2 {C88: Closed Ruy Lopez: Anti-Marshall Systems.} d5 {[#]} 10. Nf1 $146 (10. exd5 $14 Nxd5 11. Nxe5) ({Predecessor:} 10. exd5 Nxd5 11. Nxe5 Nd4 12. c3 Nxb3 13. Nxb3 c5 14. Nf3 Re8 15. Bd2 Qb6 16. d4 c4 {0-1 (121) Krnan,T (2440)-Sanal,V (2501) Berlin 2015}) 10... Na5 ({Black should try} 10... dxe4 $15 11. dxe4 Qxd1 12. Rxd1 Nxe4) 11. exd5 {White is slightly better.} Nxd5 12. Nxe5 Nxb3 13. axb3 Bd6 (13... c5 $11) 14. Nf3 Qf6 (14... Nb4 $11) 15. Ng3 Rae8 16. Ne4 Qg6 17. Nxd6 cxd6 18. Be3 f5 19. Nh4 (19. Kh1 $14) 19... Nxe3 $11 20. Rxe3 Qh6 (20... Qf6 $11 {keeps the balance.} 21. Nf3 Qxb2) 21. Rh3 $2 {[#]} (21. Rxe8 $16 Rxe8 22. Nxf5) 21... Qg5 {[%mdl 1024] Black has strong compensation.} 22. Nf3 Qg4 23. Rg3 Qh5 24. Qd2 f4 $1 {[%cal Rf4g3]} 25. Rh3 Qg4 26. Re1 Re5 $36 {[%mdl 2048] Black has good play.} 27. Rh4 (27. Rxe5 $11 dxe5 28. Qb4) 27... Qg6 $17 {[#] White must now prevent ...Bxf3.} 28. Rxe5 $4 {[%mdl 8192]} (28. Kh1 $15) 28... dxe5 $2 ({Better is} 28... Bxf3 $1 $19 {[%csl Gf3][%cal Rg6g2]} 29. Rg5 Qxg5 {[%mdl 64] Double Attack}) 29. Qe1 $2 {[%mdl 8192]} (29. Qe2 $15) 29... Bxf3 $1 {Accuracy: White = 29%, Black = 55%.} 0-1

[Event "Stay Safe Play From Home 300"]
[Site "Emanuel Lasker Arena"]
[Date "2020.07.13"]
[Round "2"]
[White "Klasman"]
[Black "Ironmike"]
[Result "0-1"]
[WhiteElo "1585"]
[BlackElo "1862"]
[Annotator "NA RC"]
[PlyCount "80"]
[EventDate "2020.07.13"]
[EventType "swiss (blitz)"]
[BlackTeam "SV Horst-Emscher I"]

{- Dönges, Dirk (1820)} 1. f4 {[%emt 0:00:03]} d5 {[%emt 0:00:03]} 2. Nf3 {[%emt 0:00:01]} c6 {[%emt 0:00:01]} 3. e3 {[%emt 0:00:01]} Bg4 {[%emt 0:00:00]} 4. Be2 {[%emt 0:00:06]} e6 {[%emt 0:00:01]} 5. Ne5 {[%emt 0:00:03]} Bxe2 {[%emt 0:00:02]} 6. Qxe2 {[%emt 0:00:01]} Nf6 {[%emt 0:00:00]} 7. O-O {[%emt 0:00:03]} Bd6 {[%emt 0:00:03]} 8. d4 {[%emt 0:00:02]} O-O {[%emt 0:00:02]} 9. c4 {[%emt 0:00:03]} Nbd7 {[%emt 0:00:00]} 10. Nc3 {[%emt 0:00:01]} dxc4 {[%emt 0:00:00]} 11. Nxc4 {[%emt 0:00:02]} Bc7 {[%emt 0:00:01]} 12. Bd2 {[%emt 0:00:01]} Nb6 {[%emt 0:00:02]} 13. Rac1 {[%emt 0:00:02]} Nxc4 {[%emt 0:00:01]} 14. Qxc4 {[%emt 0:00:01]} Qd7 {[%emt 0:00:06]} 15. Ne2 {[%emt 0:00:09]} Bb6 {[%emt 0:00:01]} 16. Ng3 {[%emt 0:00:02]} Nd5 {[%emt 0:00:03]} 17. a4 {[%emt 0:00:05]} a6 {[%emt 0:00:02]} 18. b4 {[%emt 0:00:02]} Ba7 {[%emt 0:00:01]} 19. b5 {[%emt 0:00:03]} axb5 {[%emt 0:00:02]} 20. axb5 {[%emt 0:00:01]} cxb5 {[%emt 0:00:03]} 21. Qb3 {[%emt 0:00:06]} Rac8 {[%emt 0:00:05]} 22. Rb1 {[%emt 0:00:01]} Rc7 {[%emt 0:00:12]} 23. Qxb5 {[%emt 0:00:02]} Qe7 {[%emt 0:00:01]} 24. e4 {[%emt 0:00:11]} Rc2 {[%emt 0:00:07]} 25. exd5 {[%emt 0:00:12]} Rxd2 {[%emt 0:00:04]} 26. Qxb7 {[%emt 0:00:18]} Bxd4+ {[%emt 0:00:02]} 27. Kh1 {[%emt 0:00:03]} Qxb7 {[%emt 0:00:05]} 28. Rxb7 {[%emt 0:00:02]} exd5 {[%emt 0:00:00]} 29. Nf5 {[%emt 0:00:07]} Bf6 {[%emt 0:00:04]} 30. g4 {[%emt 0:00:07]} g6 {[%emt 0:00:01]} 31. Nh6+ {[%emt 0:00:04]} Kg7 {[%emt 0:00:01]} 32. g5 {[%emt 0:00:01]} Bc3 {[%emt 0:00:02]} 33. f5 {[%emt 0:00:09]} gxf5 {[%emt 0:00:02]} 34. Rxf5 {[%emt 0:00:05]} d4 {[%emt 0:00:11]} 35. h4 {[%emt 0:00:01]} d3 {[%emt 0:00:05]} 36. h5 {[%emt 0:00:01]} Rd1+ {[%emt 0:00:07]} 37. Kg2 {[%emt 0:00:02]} d2 {[%emt 0:00:01]} 38. Rbxf7+ {[%emt 0:00:17]} Rxf7 {[%emt 0:00:01]} 39. Nxf7 {[%emt 0:00:05]} Bd4 {[%emt 0:00:06]} 40. h6+ {[%emt 0:00:04]} Kg6 {[%emt 0:00:01] Time (Lag: Av=0.41s, max=0.5s)} 0-1

[Event "Stay Safe Play From Home 300"]
[Site "Emanuel Lasker Arena"]
[Date "2020.07.13"]
[Round "3"]
[White "Mepe_Nika"]
[Black "Greblah"]
[Result "1-0"]
[WhiteElo "2398"]
[BlackElo "1949"]
[Annotator "TA"]
[PlyCount "81"]
[EventDate "2020.07.13"]
[EventType "swiss (blitz)"]

{[%evp 12,81,39,32,39,31,36,31,60,13,19,0,3,2,40,39,44,43,42,41,40,40,43,35,40,40,39,0,110,0,64,22,34,18,10,4,8,0,113,119,107,7,0,8,112,-223,50,14,39,-7,-7,-7,-7,-24,-15,-16,0,0,37,38,68,82,83,57,228,228,29981,29982,29987,29981,29983,29984]} 1. g3 c6 2. Bg2 d5 3. c4 Nf6 4. Nf3 Bf5 5. O-O e6 6. d3 h6 7. Qb3 Qb6 {A11: English Opening: 1...c6.} 8. Qc2 dxc4 9. Qxc4 Nbd7 {[#] White is slightly better.} 10. Nc3 $146 ({Predecessor:} 10. Nbd2 Be7 11. Qc2 O-O 12. Nc4 Qa6 13. Bd2 Rfd8 14. a4 Nb6 15. Na5 Bh7 16. b4 {1-0 (51) Bruckmann (2375)-Knilch (2482) playchess.com INT 2008}) 10... Be7 11. Rb1 O-O (11... a5 {looks sharper.} 12. e4 Bh7 13. b3 Rd8 14. a3 Qc5) 12. Be3 Qb4 (12... Qc7 {feels hotter.} 13. b4 Rfd8 14. Qb3 e5 15. Rfc1 Be6) 13. Qxb4 Bxb4 14. a3 Bd6 15. b4 a6 16. a4 Nd5 17. Nxd5 cxd5 18. Rfc1 Rfc8 19. Bd2 b5 (19... e5 $11) 20. a5 ({Better is} 20. Rxc8+ $16 Rxc8 21. axb5 axb5 22. Nd4) 20... Ne5 (20... e5 $11) 21. Nxe5 (21. Nd4 {is interesting.} Bh7 22. f4 Nd7 23. h3 Be7 24. Bf3) 21... Bxe5 22. e4 dxe4 23. dxe4 Bg6 24. Be3 Rc3 (24... Bd6 $11 {remains equal.}) 25. Rxc3 $16 Bxc3 {[#]} 26. Bc5 (26. Rb3 $1 $16 {[%cal Rb3c3]} Ba1 27. Rd3) 26... Rd8 $1 $11 27. Rc1 Bd4 (27... Bb2 $11 28. Bb6 Rd3 29. Rc8+ Kh7) 28. Rd1 $2 {[%mdl 8192] [#]} (28. Bb6 $16 {and life is bright.} Rd7 29. h4) 28... e5 $2 (28... Bxf2+ $1 $19 {[%mdl 512]} 29. Kxf2 (29. Bxf2 Rxd1+) 29... Rxd1) 29. Bxd4 exd4 $14 {[%mdl 4096] Endgame KRB-KRB} 30. e5 d3 {...d2 is the strong threat.} (30... Bc2 $5 31. Rd2 $8 d3 $11) 31. Rd2 Rd4 32. Bb7 Rxb4 {White must now prevent ...Ra4.} 33. Bxa6 Rb1+ 34. Kg2 Be4+ 35. f3 Rc1 {Strongly threatening ...Rc2.} 36. Kf2 $1 (36. fxe4 $2 Rc2 $17) 36... Bg6 37. Bxb5 {And now a6 would win.} Rc2 $2 (37... Rc5 $14) 38. Ke3 $18 {Threatens to win with Rxc2.} Rxd2 $2 (38... Rc5 $18) 39. Kxd2 {White mates.} Kf8 40. Bxd3 Ke7 41. Bxg6 {Accuracy: White = 63%, Black = 50%.} 1-0

[Event "Stay Safe Play From Home 300"]
[Site "Emanuel Lasker Arena"]
[Date "2020.07.13"]
[Round "3"]
[White "AChessPlayer"]
[Black "Ironmike"]
[Result "1-0"]
[WhiteElo "2309"]
[BlackElo "1867"]
[Annotator "TA"]
[PlyCount "19"]
[EventDate "2020.07.13"]
[EventType "swiss (blitz)"]
[BlackTeam "SV Horst-Emscher I"]

{[%evp 9,19,0,49,43,46,49,48,52,78,64,452,458]} 1. e4 c5 2. Nf3 Nc6 3. Bb5 e6 4. Bxc6 bxc6 5. e5 d5 6. exd6 {B30: Sicilian: 2...Nc6 3 Bb5, lines without ...g6.} Bxd6 7. d3 Nf6 {[#]} 8. Nbd2 $146 {[%cal Bb1d2,Bd2c4,Bc4d6][%mdl 32]} ({Predecessor:} 8. O-O O-O 9. Bg5 h6 10. Bh4 Be7 11. Nbd2 a5 12. a4 Ba6 13. Re1 Qb6 14. b3 {1-0 (66) Ismayil,M (1974)-Nagaeva,A (1671) Moscow 2020}) 8... Bd7 9. Nc4 O-O $2 {[%mdl 8192] [#]} ({Better is} 9... Be7 $14) 10. Nxd6 {White took control after the opening.} 1-0

[Event "Stay Safe Play From Home 300"]
[Site "Emanuel Lasker Arena"]
[Date "2020.07.13"]
[Round "3"]
[White "Sfantul321"]
[Black "Weltszmerc"]
[Result "1-0"]
[WhiteElo "2019"]
[BlackElo "1985"]
[Annotator "NA RC"]
[PlyCount "87"]
[EventDate "2020.07.13"]
[EventType "swiss (blitz)"]

1. e4 {[%emt 0:00:09]} Nf6 {[%emt 0:00:00]} 2. e5 {[%emt 0:00:01]} Nd5 {[%emt 0:00:01]} 3. d4 {[%emt 0:00:00]} d6 {[%emt 0:00:00]} 4. c4 {[%emt 0:00:00]} Nb6 {[%emt 0:00:01]} 5. f4 {[%emt 0:00:00]} Bf5 {[%emt 0:00:02]} 6. Nc3 {[%emt 0:00:01]} dxe5 {[%emt 0:00:00]} 7. fxe5 {[%emt 0:00:01]} e6 {[%emt 0:00:00]} 8. Nf3 {[%emt 0:00:01]} Be7 {[%emt 0:00:00]} 9. Be3 {[%emt 0:00:01]} O-O {[%emt 0:00:00]} 10. h3 {[%emt 0:00:01]} f6 {[%emt 0:00:00]} 11. exf6 {[%emt 0:00:02]} Bxf6 {[%emt 0:00:00]} 12. Be2 {[%emt 0:00:01]} Nc6 {[%emt 0:00:16]} 13. O-O {[%emt 0:00:03]} h6 {[%emt 0:00:02]} 14. Rc1 {[%emt 0:00:03]} Qe7 {[%emt 0:00:01]} 15. a3 {[%emt 0:00:03]} Rad8 {[%emt 0:00:01]} 16. Qd2 {[%emt 0:00:08]} g5 {[%emt 0:00:03]} 17. Rfd1 {[%emt 0:00:02]} Qg7 {[%emt 0:00:02]} 18. d5 {[%emt 0:00:02]} Ne5 {[%emt 0:00:04]} 19. Nxe5 {[%emt 0:00:05]} Bxe5 {[%emt 0:00:00]} 20. Bd4 {[%emt 0:00:04]} exd5 {[%emt 0:00:17]} 21. Bxe5 {[%emt 0:00:01]} Qxe5 {[%emt 0:00:03]} 22. cxd5 {[%emt 0:00:01]} c6 {[%emt 0:00:08]} 23. Bf3 {[%emt 0:00:05]} Kg7 {[%emt 0:00:08]} 24. Re1 {[%emt 0:00:05]} Qf6 {[%emt 0:00:08]} 25. Rcd1 {[%emt 0:00:01]} Bxh3 {[%emt 0:00:04]} 26. Rf1 {[%emt 0:00:05]} Bc8 {[%emt 0:00:18]} 27. Qe3 {[%emt 0:00:02]} Rde8 {[%emt 0:00:06]} 28. Qc5 {[%emt 0:00:04]} Qe5 {[%emt 0:00:07]} 29. Rde1 {[%emt 0:00:13]} Qxe1 {[%emt 0:00:07]} 30. Rxe1 {[%emt 0:00:01]} Rxe1+ {[%emt 0:00:00]} 31. Kf2 {[%emt 0:00:06]} Ree8 {[%emt 0:00:06]} 32. Qd4+ {[%emt 0:00:14]} Kg8 {[%emt 0:00:06]} 33. Kg3 {[%emt 0:00:01]} Rf4 {[%emt 0:00:05]} 34. Qd3 {[%emt 0:00:12]} Bf5 {[%emt 0:00:08]} 35. Qd1 {[%emt 0:00:03]} Rd8 {[%emt 0:00:10]} 36. d6 {[%emt 0:00:02]} Nc4 {[%emt 0:00:04]} 37. Qb3 {[%emt 0:00:03]} b5 {[%emt 0:00:02]} 38. Qb4 {[%emt 0:00:03]} Ne5 {[%emt 0:00:08]} 39. Qb3+ {[%emt 0:00:04]} Kg7 {[%emt 0:00:02]} 40. Ne2 {[%emt 0:00:01]} Rc4 {[%emt 0:00:02]} 41. Qe3 {[%emt 0:00:05]} Nxf3 {[%emt 0:00:02]} 42. Qe7+ {[%emt 0:00:01]} Kg6 {[%emt 0:00:01]} 43. Qxd8 {[%emt 0:00:01]} Nh4 {[%emt 0:00:02]} 44. Kf2 {[%emt 0:00:02] Czas partii (Lag: Av=0.60s, max=1.2s)} 1-0

[Event "Stay Safe Play From Home 300"]
[Site "Emanuel Lasker Arena"]
[Date "2020.07.13"]
[Round "3"]
[White "Haris kollari 13"]
[Black "Chesstiger9"]
[Result "1/2-1/2"]
[WhiteElo "1941"]
[BlackElo "1984"]
[Annotator "NA RC"]
[PlyCount "60"]
[EventDate "2020.07.13"]
[EventType "swiss (blitz)"]

1. e4 {[%emt 0:00:01]} Nc6 {[%emt 0:00:05]} 2. Nf3 {[%emt 0:00:01]} d6 {[%emt 0:00:02]} 3. Bb5 {[%emt 0:00:01]} e5 {[%emt 0:00:02]} 4. c3 {[%emt 0:00:01]} Bd7 {[%emt 0:00:01]} 5. d4 {[%emt 0:00:01]} a6 {[%emt 0:00:04]} 6. Ba4 {[%emt 0:00:01]} Nge7 {[%emt 0:00:04]} 7. dxe5 {[%emt 0:00:08]} dxe5 {[%emt 0:00:07]} 8. O-O {[%emt 0:00:10]} Ng6 {[%emt 0:00:03]} 9. Be3 {[%emt 0:00:06]} Bd6 {[%emt 0:00:05]} 10. Na3 {[%emt 0:00:05]} b5 {[%emt 0:00:03]} 11. Bb3 {[%emt 0:00:02]} O-O {[%emt 0:00:01]} 12. Qd2 {[%emt 0:00:09]} Bxa3 {[%emt 0:00:05]} 13. bxa3 {[%emt 0:00:01]} Qe7 {[%emt 0:00:01]} 14. Rad1 {[%emt 0:00:01]} Bg4 {[%emt 0:00:03]} 15. Bd5 {[%emt 0:00:03]} Bxf3 {[%emt 0:00:18]} 16. gxf3 {[%emt 0:00:02]} Na5 {[%emt 0:00:08]} 17. Bxa8 {[%emt 0:00:02]} Rxa8 {[%emt 0:00:01]} 18. Qd7 {[%emt 0:00:01]} Qxa3 {[%emt 0:00:16]} 19. Qxc7 {[%emt 0:00:02]} h6 {[%emt 0:00:26]} 20. Bc1 {[%emt 0:00:22]} Qxa2 {[%emt 0:00:05]} 21. Be3 {[%emt 0:00:02]} Nc4 {[%emt 0:00:05]} 22. Qb7 {[%emt 0:00:08]} Re8 {[%emt 0:00:14]} 23. Rd7 {[%emt 0:00:07]} Nxe3 {[%emt 0:00:24]} 24. fxe3 {[%emt 0:00:15]} Nh4 {[%emt 0:00:01]} 25. Rf2 {[%emt 0:00:07]} Qb1+ {[%emt 0:00:01]} 26. Rf1 {[%emt 0:00:01]} Qc2 {[%emt 0:00:02]} 27. Rf2 {[%emt 0:00:01]} Qc1+ {[%emt 0:00:03]} 28. Rf1 {[%emt 0:00:03]} Qc2 {[%emt 0:00:01]} 29. Rf2 {[%emt 0:00:01]} Qc1+ {[%emt 0:00:01]} 30. Rf1 {[%emt 0:00:02]} Qc2 {[%emt 0:00:01] (Lag: Av=0.51s, max=1.2s)} 1/2-1/2

[Event "Stay Safe Play From Home 300"]
[Site "Emanuel Lasker Arena"]
[Date "2020.07.13"]
[Round "3"]
[White "Lucknow"]
[Black "Lazieri3"]
[Result "0-1"]
[WhiteElo "1854"]
[BlackElo "1933"]
[Annotator "TA"]
[PlyCount "42"]
[EventDate "2020.07.13"]
[EventType "swiss (blitz)"]

{[%evp 13,42,6,20,20,16,14,22,21,14,17,23,6,3,6,10,0,0,0,8,0,0,-16,29,23,40,-15,-8,-61,-77,-108,-103]} 1. d4 c6 2. c4 d5 3. Nc3 Nf6 4. Nf3 Bf5 5. e3 e6 6. Bd3 Bxd3 7. Qxd3 Bd6 8. O-O {D12: Slav Defence: 3 Nf3 Nf6 4 e3 Bf5.} O-O 9. e4 dxe4 10. Nxe4 {The position is equal.} Nxe4 11. Qxe4 h6 12. Bf4 Bxf4 13. Qxf4 Nd7 14. Rad1 {[#]} Qa5 $146 ({Predecessor:} 14... Nf6 15. Rfe1 Qa5 16. a3 Rad8 17. Re5 Qa4 18. Rc1 Qb3 19. g4 Qxb2 20. g5 Nh5 {1-0 (39) Teschler,A (1552)-Boeckmann,D (1638) Germany 2016}) 15. a3 Rad8 16. Qd2 Qxd2 17. Rxd2 c5 18. Rfd1 {Strongly threatening dxc5.} Rc8 19. d5 (19. g3 $14) 19... exd5 $11 20. Rxd5 ({White should try} 20. cxd5 $11 Rfe8 21. g3) 20... Nb6 $15 {[%mdl 64] [#] Double Attack} 21. R5d3 Nxc4 {Accuracy: White = 68%, Black = 89%.} 0-1

[Event "Stay Safe Play From Home 300"]
[Site "Emanuel Lasker Arena"]
[Date "2020.07.13"]
[Round "3"]
[White "Timbre"]
[Black "Tunca"]
[Result "0-1"]
[WhiteElo "1517"]
[BlackElo "1641"]
[Annotator "NA RC"]
[PlyCount "33"]
[EventDate "2020.07.13"]
[EventType "swiss (blitz)"]

1. d4 {[%emt 0:00:03]} d5 {[%emt 0:00:01]} 2. Nf3 {[%emt 0:00:02]} c5 {[%emt 0:00:05]} 3. c3 {[%emt 0:00:01]} e6 {[%emt 0:00:05]} 4. Bf4 {[%emt 0:00:03]} Nc6 {[%emt 0:00:01]} 5. e3 {[%emt 0:00:01]} Nf6 {[%emt 0:00:01]} 6. Bd3 {[%emt 0:00:04]} Be7 {[%emt 0:00:03]} 7. Qe2 {[%emt 0:00:01]} O-O {[%emt 0:00:01]} 8. Nbd2 {[%emt 0:00:01]} a6 {[%emt 0:00:08]} 9. O-O {[%emt 0:00:01]} Nh5 {[%emt 0:00:08]} 10. Bg3 {[%emt 0:00:02]} Nxg3 {[%emt 0:00:01]} 11. hxg3 {[%emt 0:00:01]} Re8 {[%emt 0:00:08]} 12. e4 {[%emt 0:00:02]} dxe4 {[%emt 0:00:02]} 13. Nxe4 {[%emt 0:00:02]} cxd4 {[%emt 0:00:01]} 14. cxd4 {[%emt 0:00:03]} Nxd4 {[%emt 0:00:01]} 15. Rad1 {[%emt 0:00:07]} Nxe2+ {[%emt 0:00:03]} 16. Bxe2 {[%emt 0:00:01]} Qa5 {[%emt 0:00:06]} 17. Nc3 {[%emt 0:00:06] Timbre resigns (Lag: Av=0.42s, max=1.1s)} 0-1

[Event "Stay Safe Play From Home 300"]
[Site "Emanuel Lasker Arena"]
[Date "2020.07.13"]
[Round "4"]
[White "Mepe_Nika"]
[Black "Haris kollari 13"]
[Result "1-0"]
[WhiteElo "2401"]
[BlackElo "1944"]
[Annotator "NA RC"]
[PlyCount "35"]
[EventDate "2020.07.13"]
[EventType "swiss (blitz)"]

1. g3 {[%emt 0:00:02]} e5 {[%emt 0:00:01]} 2. Bg2 {[%emt 0:00:00]} d5 {[%emt 0:00:01]} 3. c4 {[%emt 0:00:00]} c6 {[%emt 0:00:02]} 4. d4 {[%emt 0:00:03]} e4 {[%emt 0:00:01]} 5. Nc3 {[%emt 0:00:02]} f5 {[%emt 0:00:01]} 6. Nh3 {[%emt 0:00:02]} Nf6 {[%emt 0:00:09]} 7. Bg5 {[%emt 0:00:02]} Be6 {[%emt 0:00:06]} 8. Nf4 {[%emt 0:00:01]} Bf7 {[%emt 0:00:01]} 9. cxd5 {[%emt 0:00:01]} cxd5 {[%emt 0:00:06]} 10. Qb3 {[%emt 0:00:01]} Nbd7 {[%emt 0:00:17]} 11. Nfxd5 {[%emt 0:00:27]} Qa5 {[%emt 0:00:10]} 12. Bxf6 {[%emt 0:00:26]} gxf6 {[%emt 0:00:14]} 13. Qxb7 {[%emt 0:00:05]} Rb8 {[%emt 0:00:03]} 14. Nxf6+ {[%emt 0:00:09]} Nxf6 {[%emt 0:00:09]} 15. Qxb8+ {[%emt 0:00:01]} Kd7 {[%emt 0:00:02]} 16. O-O {[%emt 0:00:10]} h5 {[%emt 0:00:09]} 17. Qe5 {[%emt 0:00:06]} Be7 {[%emt 0:00:02]} 18. Qxa5 {[%emt 0:00:01] Haris kollari 13 resigns (Lag: Av=0.39s, max=0.5s)} 1-0

[Event "Stay Safe Play From Home 300"]
[Site "Emanuel Lasker Arena"]
[Date "2020.07.13"]
[Round "4"]
[White "Sfantul321"]
[Black "Chesstiger9"]
[Result "1-0"]
[WhiteElo "2035"]
[BlackElo "1982"]
[Annotator "NA RC"]
[PlyCount "63"]
[EventDate "2020.07.13"]
[EventType "swiss (blitz)"]

1. c4 {[%emt 0:00:01]} f5 {[%emt 0:00:02]} 2. Nc3 {[%emt 0:00:01]} Nf6 {[%emt 0:00:01]} 3. g3 {[%emt 0:00:01]} g6 {[%emt 0:00:02]} 4. Bg2 {[%emt 0:00:01]} Bg7 {[%emt 0:00:01]} 5. e3 {[%emt 0:00:00]} O-O {[%emt 0:00:01]} 6. Nge2 {[%emt 0:00:01]} e5 {[%emt 0:00:03]} 7. d3 {[%emt 0:00:01]} d6 {[%emt 0:00:02]} 8. O-O {[%emt 0:00:01]} c6 {[%emt 0:00:01]} 9. Rb1 {[%emt 0:00:01]} a5 {[%emt 0:00:02]} 10. a3 {[%emt 0:00:01]} Nbd7 {[%emt 0:00:02]} 11. h3 {[%emt 0:00:02]} Qe7 {[%emt 0:00:04]} 12. Qc2 {[%emt 0:00:02]} g5 {[%emt 0:00:07]} 13. f4 {[%emt 0:00:01]} exf4 {[%emt 0:00:02]} 14. gxf4 {[%emt 0:00:02]} g4 {[%emt 0:00:02]} 15. e4 {[%emt 0:00:06]} gxh3 {[%emt 0:00:04]} 16. Bxh3 {[%emt 0:00:01]} fxe4 {[%emt 0:00:10]} 17. dxe4 {[%emt 0:00:02]} Nc5 {[%emt 0:00:01]} 18. Bg2 {[%emt 0:00:07]} Ng4 {[%emt 0:00:08]} 19. Rf3 {[%emt 0:00:07]} Rf6 {[%emt 0:00:11]} 20. Rg3 {[%emt 0:00:08]} Rh6 {[%emt 0:00:05]} 21. f5 {[%emt 0:00:05]} Qh4 {[%emt 0:00:01]} 22. Bxh6 {[%emt 0:00:03]} Bxh6 {[%emt 0:00:06]} 23. b4 {[%emt 0:00:12]} axb4 {[%emt 0:00:06]} 24. axb4 {[%emt 0:00:02]} Nd7 {[%emt 0:00:30]} 25. Qd3 {[%emt 0:00:04]} Nde5 {[%emt 0:00:02]} 26. Qxd6 {[%emt 0:00:02]} Bg7 {[%emt 0:00:13]} 27. Rd1 {[%emt 0:00:06]} Bd7 {[%emt 0:00:08]} 28. c5 {[%emt 0:00:16]} Ra3 {[%emt 0:00:15]} 29. Qb8+ {[%emt 0:00:05]} Kf7 {[%emt 0:00:01]} 30. Qxb7 {[%emt 0:00:04]} Qe7 {[%emt 0:00:21]} 31. Qc7 {[%emt 0:00:09]} Bh6 {[%emt 0:00:04]} 32. Qd6 {[%emt 0:00:03] Time ' (Lag: Av=0.43s, max=1.9s)} 1-0